Olivia Rodrigo - all-american bitch (Lyrics) - Statistics

General Stats
  • This quiz has been taken 2,185 times
  • The average score is 197 of 240
Answer Stats
Answer % Correct
a
100%
I
100%
am
98%
And
96%
and
96%
All
95%
all
95%
I'm
95%
the
93%
bitch
90%
to
90%
as
89%
like
89%
like,
89%
Like,
89%
my
89%
know
88%
perfect
88%
for
87%
it
87%
it,
87%
that
87%
That
87%
feather,
86%
light
86%
when
86%
with
85%
With
85%
ignore
84%
most
83%
people
83%
things
83%
time
83%
you
83%
attention
82%
all-American
81%
pay
81%
pretty
81%
act
80%
age
80%
cry
80%
hips
80%
lips
80%
in
79%
is
79%
forget
78%
sexy
77%
stiff
77%
what
77%
board
76%
kind
76%
can't
75%
can't
75%
Forgive
75%
me
74%
don't
73%
grateful
73%
place
73%
place,
73%
this
73%
make
72%
got
71%
Got
71%
mother
71%
resist
71%
sure
71%
machine
70%
that's
70%
get
69%
jokes
69%
'bout
68%
just
68%
Just
68%
angry
67%
movies
67%
cruelty,
66%
hair
65%
alright
64%
Coca-Cola
64%
pissed
64%
scream
64%
optimist
63%
total
63%
air
62%
built
62%
senseless
62%
bottles
61%
eternal
61%
use
61%
love
60%
curl
59%
deal
59%
pocket,
59%
motherfucking
58%
sun
58%
swear
58%
Yeah,
58%
Kennedy,
57%
of
57%
darkness
56%
fresh
56%
goddamn
56%
I've
56%
every
55%
inside
55%
mean
54%
best
52%
spare,
52%
believe
51%
feel
51%
little
51%
only
51%
integrity
48%
your
48%
class
46%
issue,
46%
No matching quizzes found
Score Distribution
Percent of People with Each Score
Percentile by Number Answered
Your Score History
You have not taken this quiz